000 00628nam a22001697a 4500
005 20100211150454.0
008 100209t xxu||||| |||| 00| 0 hin d
020 _c160.00
_a9788190955645
037 _a
_bशिव बुक हाउस
040 _adpl
_bHindi
245 _aमहान् पुरुषों की वाणी
260 _aजयपुर
_bशिव बुक हाउस
_c2009-10
270 _a154, चौड़ा रास्ता
_bजयपुर
_e302003
300 _a111पृ.
_c23सेमी.(सजिल्द)
500 _aसंकलन
942 _2ddc
_cHN
_mमहान्
999 _c33916
_d33916